| 000 | 00599nam a2200205 a 4500 | ||
|---|---|---|---|
| 001 | BRCA_2952 | ||
| 005 | 20190320204037.0 | ||
| 008 | 161208s1953----mx-a---###---#000-0#spa-u | ||
| 050 | 4 |
_aPM4291 _b.B73 1953 |
|
| 100 | 1 |
_aBrambila, David _98206 |
|
| 245 | 1 | 0 |
_aGramática raramuri _cDavid Brambila ; colaboración de José Vergara Bianchi. |
| 260 |
_aMéxico _bBuena Prensa _c1953 |
||
| 300 |
_axxix, 644 p. _bil. _c23 cm. |
||
| 500 | _aB104 | ||
| 650 | 1 | 4 |
_aTarahumaras _98207 |
| 650 | 1 | 4 |
_aIndios de México _98208 |
| 700 | 1 |
_aVergara Bianchi, José _ecoaut _98209 |
|
| 902 | _aGFM | ||
| 942 |
_2lcc _cB |
||
| 999 |
_c2691 _d2691 |
||